Statystyki dla Odzieżowe marki sportowe: skąd pochodzą?

Kliknij tutaj aby rozwiązać quiz!

Ogólne statystyki

  • Ten quiz został rozwiązany 371 razy
  • Średni wynik to 8 z 15

Statystyki odpowiedzi

MarkaKraj% Poprawnych
4FPolska
93%
AdidasNiemcy
82%
NikeStany Zjednoczone
75%
ReebokStany Zjednoczone
66%
New BalanceStany Zjednoczone
65%
The North FaceStany Zjednoczone
65%
PumaNiemcy
64%
VansStany Zjednoczone
64%
DiadoraWłochy
45%
MizunoJaponia
42%
UmbroWielka Brytania
38%
KappaWłochy
37%
ASICSJaponia
31%
JomaHiszpania
26%
FilaKorea Południowa
12%

Rozkład punktacji

Percentyl według liczby udzielonych odpowiedzi

Procent ludzi z każdym wynikiem

Twoja historia wyników

Nie rozwiązałeś tego quizu